|
|
|
|
| LEADER |
00000nam a2200000 a 4500 |
| 001 |
1/115817 |
| 008 |
180205s2012####gr | ||| |||| ||gre|| |
| 020 |
|
|
|a 9789601638386
|
| 040 |
|
|
|a GR-MyUa
|b gre
|c GR-MyUa
|e AACR2
|
| 041 |
1 |
|
|a gre
|
| 082 |
7 |
|
|a 371.1024
|2 (23)
|
| 100 |
1 |
|
|a Morgan, Nicola S.
|
| 245 |
1 |
0 |
|a Διαχείριση συμπεριφοράς στη σχολική τάξη :
|b πρακτικές ιδέες για εύκολη και αποτελεσματική εφαρμογή /
|c Nicola S. Morgan ; μετάφραση: Εύα Καλισκάμη ; επιστημονική επιμέλεια: Βασιλική Νίκα.
|
| 260 |
|
|
|a Αθήνα :
|b Πατάκη,
|c 2012.
|
| 300 |
|
|
|a 140 σ. :
|b εικ. ;
|c 24 εκ.
|
| 500 |
|
|
|a Μετάφραση του: Quick, easy and effective behaviour management.
|
| 504 |
|
|
|a Βιβλιογραφία : σ. 137.
|
| 504 |
|
|
|a Περιέχει ευρετήριο.
|
| 650 |
|
0 |
|a Teaching
|x Methods.
|
| 650 |
|
0 |
|a Classroom management.
|
| 650 |
|
0 |
|a Education
|x Study and teaching.
|
| 650 |
|
0 |
|a Social skills in children
|x Study and teaching.
|
| 700 |
1 |
|
|a Καλισκάμη, Εύα,
|e trlf
|
| 700 |
1 |
|
|a Νίκα, Βασιλική,
|e edtf
|
| 852 |
|
|
|a INST
|b RHODES
|c EUDOXUS
|e 20180205
|h 371.1024 MOR
|p 005400039865
|q 005400039865
|t EDX
|y 0
|
| 920 |
|
|
|a Εύδοξος
|b Παραγγελία
|y Ρόδος-ΠΤΔΕ
|z 2018-01
|
| 970 |
|
|
|z 05-02-2018
|